000 00510nam a2200181Ia 4500
005 20250508150414.0
008 008 250505s9999 xx 000 0 eng d
037 _aTextual
040 _aFEDL
_beng
_cFEDL
041 _aeng
_2eng
084 _a378.01, LOW
_qFEDL
100 _aLowell A Lawrence
245 0 _aWhat a university president has learned
260 _aNew York, USA
_bThe Macmillan Company
_c1938
300 _a150p.
942 _cTEXL
_h378.01, LOW
999 _c1323471
_d1323471